Le drame musical / (Record no. 164980)

MARC details
000 -LEADER
campo de control de longitud fija 00988nam a22002415i 4500
001 - NÚMERO DE CONTROL
campo de control 164980
003 - IDENTIFICADOR DE NÚMERO DE CONTROL
campo de control ES-MaACL
005 - FECHA Y HORA DE LA ÚLTIMA TRANSACCIÓN
campo de control 20250726220531.0
008 - DATOS DE LONGITUD FIJA--INFORMACIÓN GENERAL
campo de control de longitud fija 981123s1875 fr af |||| | fre d
040 ## - FUENTE DE CATALOGACIÓN
Centro catalogador/agencia de origen CCPB | B
Lengua de catalogación spa
Centro/agencia transcriptor CCPB | B
100 1# - ENTRADA PRINCIPAL--NOMBRE DE PERSONA
Nombre de persona Schurè, Edouard.
9 (RLIN) 219748
245 13 - MENCIÓN DEL TÍTULO
Título Le drame musical /
Mención de responsabilidad, etc. Par Edouard Schuré.
260 ## - PUBLICACIÓN, DISTRIBUCIÓN, ETC.
Lugar de publicación, distribución, etc. Paris :
Nombre del editor, distribuidor, etc. Sandoz et Fischbacher, Editeurs,
Fecha de publicación, distribución, etc. 1875.
300 ## - DESCRIPCIÓN FÍSICA
Extensión 2 v. ;
Dimensiones 24 cm.
505 8# - NOTA DE CONTENIDO CON FORMATO
Nota de contenido con formato Contiene : T. I. La musique et la poésie dans leur développement historique [6], XIII, 368 p., [1] h. de lám. -- T. II. Richard Wagner, son oeuvre et son idée [6], 426 [2] p., [2] h. de lám.
600 14 - PUNTO DE ACCESO ADICIONAL DE MATERIA--NOMBRE DE PERSONA
Nombre de persona Wagner, Richard,
Fechas asociadas al nombre 1813-1883-
Subdivisión general Biografías
9 (RLIN) 115850
650 #7 - PUNTO DE ACCESO ADICIONAL DE MATERIA--TÉRMINO DE MATERIA
Término de materia o nombre geográfico como elemento de entrada Ópera
Fuente del encabezamiento o término embne
9 (RLIN) 15706
752 ## - ENTRADA AGREGADA--NOMBRE JERÁRQUICO DEL LUGAR
País o entidad superior Francia -
Ciudad París
852 ## - LOCALIZACIÓN
Ubicación ES-MaACL
Número de control de estantería G-7806-7807
Nota libre -- Enc. hol.
852 ## - LOCALIZACIÓN
Ubicación ES-MaACL
Número de control de estantería D-4549-4550
Nota libre -- Enc. hol.
Encuadernación -- Edic.: El imp. es: Imprimerie de E. Martinet
942 ## - ELEMENTOS DE ENTRADA SECUNDARIOS (KOHA)
Fuente del sistema de clasificación o colocación Clasificación decimal universal
Holdings
Estatus retirado Estado de pérdida Estado de daño No para préstamo Colección Biblioteca de origen Biblioteca actual Ubicación en estantería Fecha de adquisición Fuente de adquisición Total de préstamos Signatura topográfica completa Código de barras Visto por última vez Precio de reemplazo Tipo de ítem Koha
        Libros del s. XIX Biblioteca del Ateneo de Madrid Biblioteca del Ateneo de Madrid Sala Valle Inclán 17/01/2008     D-4549-4550 901172950 23/02/2023 23/02/2023 Libro impreso antiguo
        Libros del s. XIX Biblioteca del Ateneo de Madrid Biblioteca del Ateneo de Madrid Sala Pecera Planta 3 17/01/2008     G-7806-7807 1172949 23/02/2023 23/02/2023 Libro impreso antiguo